Normal view
MARC view
- Bartram, Sharon.
Entry Personal Name
001 - CONTROL NUMBER
- control field: 8594
003 - CONTROL NUMBER IDENTIFIER
- control field: OSt
005 - DATE AND TIME OF LATEST TRANSACTION
- control field: 20170530093648.0
008 - FIXED-LENGTH DATA ELEMENTS
- fixed length control field: 170530|| aca||aabn | a|a d
040 ## - CATALOGING SOURCE
- Original cataloging agency: OSt
- Transcribing agency: OSt
100 ## - HEADING--PERSONAL NAME
- Personal name: Bartram, Sharon.
670 ## - SOURCE DATA FOUND
- Source citation: Work cat.: (OSt): Bartram, Sharon., Evaluating training : , c1999.

PORTAL AKMAL
E-MEL JKDM
AKMAL2U
G-BAM
u-PUSTAKA